| 000 | 00962nam a2200277 i 4500 | ||
|---|---|---|---|
| 001 | 11692 | ||
| 003 | ES-MaACL | ||
| 005 | 20250803050535.0 | ||
| 007 | t| | ||
| 008 | 960327s1995 sp |||| | spa j | ||
| 020 | _a84-7882-198-8 | ||
| 080 | _a930.9".../04" | ||
| 100 | 0 |
_aDiodoro Sículo. _944847 |
|
| 245 | 1 | 0 |
_aBiblioteca histórica. _nLibros I-II / _cDiodoro de Sicilia ; traducción coordinada por Jesús Lens Tuero ; traducción de Jesús Lens Tuero, Jesús M. García González, Javier Campos Daroca. |
| 250 | _a1ª ed. | ||
| 260 |
_aMadrid : _bClásicas, _c[1995] |
||
| 300 |
_a454 p. ; _c17 cm. |
||
| 490 | 1 | _aColección de autores griegos | |
| 650 | 1 | 7 |
_aHistoria antigua _2embne _913385 |
| 700 | 1 |
_aLens Tuero, Jesús. _971544 |
|
| 700 | 1 |
_aGarcía González, Jesús M. _954711 |
|
| 700 | 1 |
_aCampos Daroca, Javier. _934262 |
|
| 830 | 0 |
_aColección de autores griegos _9179263 |
|
| 852 |
_aES-MaACL _jL-19036 |
||
| 999 |
_c11692 _d11692 |
||